000 01205cam a22002651i 4500
003 SA-RiAUC
005 20250126071426.0
008 250125s1992 sy g 00000cara c
040 _aSA-JeALM
_bara
_cSA-RiAUC
_erda
082 0 4 _a922.581
_qSA-RiAUC
090 _a 922.581
_bا ب ن ق
100 1 _aابن قطلوبغا، قاسم بن قطلوبغا،
_d802-879 هجري
_eمؤلف.
245 1 0 _aتاج التراجم /
_cزين الدين قاسم بن قطلوبغا السودوني ؛ حققه محمد خير رمضان يوسف.
250 _aالطبعة الأولى.
264 1 _aدمشق :
_bدار القلم للطباعة والنشر والتوزيع،
_c1992
300 _a568 صفحة ؛
_c24 سم
336 _aنص
_btxt
_2rdacontent
_3كتاب
337 _aبدون وسيط
_bn
_2rdamedia
338 _aمجلد
_bnc
_2rdacarrier
650 7 _aالفقهاء الأحناف
_vتراجم
_2aucsh
700 1 2 _iتحقيق لـ (عمل) :
_aابن قطلوبغا، قاسم بن قطلوبغا،
_d802-879 هجري.
_tتاج التراجم
700 1 _aيوسف، محمد خير رمضان،
_d1956-
_eمحقق.
942 _2ddc
_cBOOK
_n0
949 _aSA-JeALM
_d250125
_uosman123
_n1
999 _c5242
_d5242